| 000 | 01559nam a22001697a 4500 | ||
|---|---|---|---|
| 003 | JO-AjAnu | ||
| 005 | 20231205090423.0 | ||
| 008 | 231205b jo ||||| |||| 00| 0 ara d | ||
| 040 |
_aJO-AjAnu _bara _cJO-AjAnu |
||
| 100 |
_aالرشدان،مها عبد الرحمن _964633 _eمعد |
||
| 245 | _aالعنوان: العوامل المؤثرة على ربحية البنوك الاسلامية الاردنية : حالة البنك الاسلامي الاردني = Factors affecting the profitability of gordanian islamic banks : The case of jordanian islamic bank / إعداد مها عبد الرحمن الرشدان ؛ إشراف تركي راجي الحمود. Factors affecting the profitability of gordanian islamic banks : The case of jordanian islamic bank Factors affecting the profitability of gordanian islamic banks : The case of jordanian islamic bank Factors affecting the profitability of gordanian islamic banks : The case of jordanian islamic bank | ||
| 300 | _a182 ورقة ؛ جداول | ||
| 504 | _a رسالة جامعية (ماجستير في المحاسبة).- جامعة اليرموك (إربد، الأردن) ، كلية الاقتصاد والعلوم الادارية، قسم المحاسبة، 2009. ببليوجرافيا : ص. 166-177. يتضمن ملخص باللغتين العربية والإنجليزية. تتضمن ملاحق. | ||
| 650 | 0 |
_aالبنوك الاسلامية - ارباح البنوك -الاردن _964634 |
|
| 700 |
_aالحمود، تركي راجي _964635 _eمشرف |
||
| 942 |
_2lcc _cREF _n0 |
||
| 999 |
_c33249 _d33249 |
||